| 000 | 00654cam a2200241 4500500 | ||
|---|---|---|---|
| 005 | 20260405001718.0 | ||
| 041 | _afre | ||
| 042 | _adc | ||
| 100 | 1 | 0 |
_aPascal, Blaise _eauthor |
| 245 | 0 | 0 | _aPhilanthrope ma non troppo |
| 260 | _c2014. | ||
| 500 | _a60 | ||
| 690 | _aArgent | ||
| 690 | _aDon | ||
| 690 | _aGénérosité | ||
| 690 | _aMilliardaires | ||
| 690 | _aONG | ||
| 690 | _aPauvreté | ||
| 690 | _aPhilanthropie | ||
| 690 | _aRichesse | ||
| 786 | 0 | _nPhilosophie magazine | 77 | 3 | 2014-03-01 | p. 9-9 | 1951-1787 | |
| 856 | 4 | 1 | _uhttps://shs.cairn.info/magazine-philosophie-magazine-2014-3-page-9?lang=fr&redirect-ssocas=7080 |
| 999 |
_c2050302 _d2050302 |
||